Top 20 Most Common Unisex Names - Statistics

General Stats
  • This quiz has been taken 39 times
  • The average score is 3 of 20
Answer Stats
Number Most Commonly Used As Answer % Correct
11 Gender-Neutral Name Riley
48%
4 A Boy's Name James
39%
15 A Girl's Name Harper
27%
13 Gender-Neutral Name Avery
24%
1 A Boy's Name Kai
24%
3 A Boy's Name Noah
21%
19 Gender-Neutral Name Parker
21%
12 Gender-Neutral Name Quinn
18%
2 Gender-Neutral Name Rowan
18%
8 A Girl's Name Evelyn
12%
9 Gender-Neutral Name Jaden
12%
17 A Boy's Name Aiden
9%
10 A Boy's Name Theo
9%
5 Gender-Neutral Name Asher
6%
6 Gender-Neutral Name Luca
6%
14 Gender-Neutral Name Remi
3%
20 Gender-Neutral Name Amari
0%
7 A Girl's Name Aria
0%
16 A Boy's Name Atlas
0%
18 A Boy's Name Miles
0%
No matching quizzes found
Score Distribution
Percent of People with Each Score
Percentile by Number Answered
Your Score History
You have not taken this quiz